Invasion biology and ecological theory : insights from a continent in transformation

Αποθηκεύτηκε σε:
Λεπτομέρειες βιβλιογραφικής εγγραφής
Άλλοι συγγραφείς: Prins, H. H. T. (Herbert H. T.) (Επιμελητής έκδοσης), Gordon, I. J. (Iain J.) (Επιμελητής έκδοσης)
Μορφή: Βιβλίο
Γλώσσα:English
Δημοσίευση: Cambridge ; New York : Cambridge University Press, 2014.
Θέματα:
Διαθέσιμο Online:Πίνακας περιεχομένων:
Ετικέτες: Προσθήκη ετικέτας
Δεν υπάρχουν, Καταχωρήστε ετικέτα πρώτοι!

MARC

LEADER 00000nam a2200000 a 4500
001 1/111604
008 160831s2014####enkab ||| |001 |deng||
020 |a 9781107035812  
040 |a GR-MyUa  |b gre  |c GR-MyUa  |e AACR2 
041 0 |a eng 
082 7 |a 577.18   |2 (23)  
245 0 0 |a Invasion biology and ecological theory :   |b insights from a continent in transformation /   |c edited by Herbert H. T. Prins, and Iain J. Gordon.  
260 |a Cambridge ;   |a New York :   |b Cambridge University Press,   |c 2014.  
300 |a xiv, 528 σ. :   |b εικ., χάρτ. ;   |c 26 εκ.  
504 |a Περιλαμβάνει βιβλιογραφία και ευρετήριο.  
650 0 |a Biological invasions. 
650 0 |a Ecology  |x Philosophy. 
700 1 |a Prins, H. H. T.  |q (Herbert H. T.)  |e edt 
700 1 |a Gordon, I. J.   |q (Iain J.)  |e edt 
852 |a INST  |b LESVOS  |c BK  |e 20160831  |h 577.18 INV  |p 005100058382  |q 005100058382  |t BK  |y 0 
856 |z Πίνακας περιεχομένων:   |u http://www.loc.gov/catdir/enhancements/fy1313/2013013389-t.html 
922 |a 1ΕΛΗ  |b 2016-06  |c Τμήμα Περιβάλλοντος  |d Δρες 
970 |z 31-08-2016